000 00471nam a2200157Ia 4500
999 _c2928
_d2928
008 200103s9999||||xx |||||||||||||| ||und||
020 _a9780851747996
100 _aFrampton, R. M. and Uttridge, P.A.
245 0 _aMeteorology for seafarers /
_cby R.M. Frampton and P.A. Uttridge.
250 _a3rd ed.
260 _bBrown, Son & Ferguson, Ltd.,
_c2008.
_aGlasgow:
300 _axvi, 137
650 0 _aMarine Meteorology
700 _92533
_aUttridge, P. A.
942 _cBK